| Tag |
First Indicator |
Second Indicator |
Subfields |
| LEADER |
00000pam a2200000 a 4500 |
| 001 |
in00000088504 |
| 005 |
20151008065107.0 |
| 008 |
811123s1982 nju b 00110 eng |
| 010 |
|
|
|a 81018988
|
| 020 |
|
|
|a 0815508913 :
|c $28.00
|
| 035 |
|
|
|a (OCoLC)08032576
|
| 035 |
|
|
|9 AAK5343AM
|
| 039 |
0 |
|
|a 2
|b 3
|c 3
|d 3
|e 3
|
| 040 |
|
|
|a DLC
|c DLC
|d TXA
|d UtOrBLW
|
| 049 |
|
|
|a TXAM
|c [1443068]
|
| 050 |
0 |
0 |
|a QP552.C64
|b O93 1982
|
| 060 |
|
0 |
|a WU 130 097b
|
| 082 |
0 |
|
|a 612/.398
|2 19
|
| 100 |
1 |
|
|a Owen, Charles Archibald,
|d 1915-
|
| 245 |
1 |
0 |
|a Biochemical aspects of copper :
|b copper proteins, ceruloplasmin, and copper protein binding /
|c by Charles A. Owen, Jr.
|
| 264 |
|
1 |
|a Park Ridge, N.J. :
|b Noyes,
|c [1982]
|
| 264 |
|
4 |
|c ©1982
|
| 300 |
|
|
|a xvii, 205 pages ;
|c 24 cm.
|
| 336 |
|
|
|a text
|b txt
|2 rdacontent
|
| 337 |
|
|
|a unmediated
|b n
|2 rdamedia
|
| 338 |
|
|
|a volume
|b nc
|2 rdacarrier
|
| 490 |
1 |
|
|a Copper in biology and medicine series
|
| 504 |
|
|
|a Includes bibliographies and index.
|
| 650 |
|
0 |
|a Copper proteins.
|
| 650 |
|
0 |
|a Ceruloplasmin.
|
| 650 |
|
0 |
|a Protein binding.
|
| 650 |
|
2 |
|a Copper
|x metabolism.
|
| 650 |
|
2 |
|a Ceruloplasmin
|x metabolism.
|
| 650 |
|
2 |
|a Protein Binding.
|
| 830 |
|
0 |
|a Copper in biology and medicine series.
|
| 999 |
|
|
|a MARS
|
| 999 |
f |
f |
|s 33e9f2b8-07e6-3eea-9e32-32c317c63c75
|i 9a7d59ed-711d-30ff-83d9-682312c04f98
|t 0
|
| 952 |
f |
f |
|p ric
|a Texas A&M University
|b Rellis Campus
|c Joint Library Facility
|d Remote Storage
|t 0
|e QP552.C64 O93 1982
|h Library of Congress classification
|i unmediated -- volume
|m A14806225095
|
| 998 |
f |
f |
|a QP552.C64 O93 1982
|t 0
|l Remote Storage
|